LDR 00948naa#a2200193#i#450# 001 RU\\bibl\117902 005 20260701062633.3 011 ## _a2500-4026 100 ## _a20250630b2025####ek#y0rusy0150####ca 101 0# _aRUS 102 ## _aRU 200 1# _aМАТЕМАТИЧЕСКАЯ МОДЕЛЬ ЦЕНТРА УПРАВЛЕНИЯ В КРИЗИСНЫХ СИТУАЦИЯХ МЧС РОССИИ НА ОСНОВЕ ОЦЕНКИ ЭФФЕКТИВНОСТИ ФУНКЦИОНИРОВАНИЯ И МАТРИЦ СОСТОЯНИЯ _eЖурнальная статья 210 1# _aЖелезногорск _cФГБОУ ВО Сибирская пожарно-спасательная академия ГПС МЧС России _d2025 215 ## _a7 с. 608 ## _aЖурнальная статья _2local 675 ## _aЭффективность. 004.051 _zRUS 700 #1 _aСчастливцев _gВ А 700 #1 _aБилятдинов _gК З 856 4# _aapbt-sibpsa.editorum.ru _u